| 000 | 00557nam a2200145Ia 4500 | ||
|---|---|---|---|
| 008 | 140724s9999 xx 000 0 und d | ||
| 050 |
_aRT 69 _b.En61 2010 |
||
| 100 | _aEntena, Kennelyn G. | ||
| 245 |
_aEffectiveness of narrative charting vs charting by exception based on the perceptions of BSN Third Year Students of SISC, School Year 2008-2009 / _cKennelyn G. Entena. |
||
| 260 |
_aLas PiƱas, Philippines : _bSouthville International School and Colleges, _cc2010. |
||
| 300 |
_a55 p. : _c28 cm. |
||
| 521 | _aNursing | ||
| 942 | _cTH | ||
| 999 |
_c229085 _d229085 |
||